Eastern Utah Libraries Catalog: Duchesne, Heber, Roosevelt, & Vernal

Buried secrets / (Record no. 76390)

MARC details
000 -LEADER
fixed length control field 01216cam a22003858a 4500
001 - CONTROL NUMBER
control field BK0008681029
003 - CONTROL NUMBER IDENTIFIER
control field DLC
005 - DATE AND TIME OF LATEST TRANSACTION
control field 20241220130638.0
008 - FIXED-LENGTH DATA ELEMENTS--GENERAL INFORMATION
fixed length control field 110201s2011 nyu 000 1 eng
010 ## - LIBRARY OF CONGRESS CONTROL NUMBER
LC control number 2011004443
020 ## - INTERNATIONAL STANDARD BOOK NUMBER
International Standard Book Number 9780312379148 : HRD
Terms of availability $25.99
020 ## - INTERNATIONAL STANDARD BOOK NUMBER
International Standard Book Number 0312379145 : HRD
Terms of availability $25.99
037 ## - SOURCE OF ACQUISITION
Source of stock number/acquisition St Martins Pr, C/O Mps 16365 James Madison Hwy Us Hwy 15, Gordonsville, VA, USA, 22942, (212)6745151
Note SAN 631-5011
040 ## - CATALOGING SOURCE
Original cataloging agency DLC
Transcribing agency DLC
050 00 - LIBRARY OF CONGRESS CALL NUMBER
Classification number PS3556.I458
Item number B84 2011
082 00 - DEWEY DECIMAL CLASSIFICATION NUMBER
Classification number 813/.54
Edition number 22
092 ## - LOCALLY ASSIGNED DEWEY CALL NUMBER (OCLC)
Classification number 813.5400
092 ## - LOCALLY ASSIGNED DEWEY CALL NUMBER (OCLC)
Classification number FINDER
100 1# - MAIN ENTRY--PERSONAL NAME
Personal name Finder, Joseph.
9 (RLIN) 17719
245 10 - TITLE STATEMENT
Title Buried secrets /
Statement of responsibility, etc Joseph Finder.
250 ## - EDITION STATEMENT
Edition statement 1st ed.
260 ## - PUBLICATION, DISTRIBUTION, ETC. (IMPRINT)
Place of publication, distribution, etc New York :
Name of publisher, distributor, etc St. Martin's Press,
Date of publication, distribution, etc 2011.
263 ## - PROJECTED PUBLICATION DATE
Projected publication date 1106
300 ## - PHYSICAL DESCRIPTION
Extent 400
650 #0 - SUBJECT ADDED ENTRY--TOPICAL TERM
Topical term or geographic name as entry element Kidnapping
Form subdivision Fiction.
9 (RLIN) 5673693
650 #0 - SUBJECT ADDED ENTRY--TOPICAL TERM
Topical term or geographic name as entry element Missing persons
Form subdivision Fiction.
9 (RLIN) 6220544
650 #0 - SUBJECT ADDED ENTRY--TOPICAL TERM
Topical term or geographic name as entry element Criminal investigation
Form subdivision Fiction.
9 (RLIN) 5709830
650 #0 - SUBJECT ADDED ENTRY--TOPICAL TERM
Topical term or geographic name as entry element Corporations
Form subdivision Fiction.
9 (RLIN) 5674263
650 #0 - SUBJECT ADDED ENTRY--TOPICAL TERM
Topical term or geographic name as entry element Investments
Form subdivision Fiction.
9 (RLIN) 5714309
651 #0 - SUBJECT ADDED ENTRY--GEOGRAPHIC NAME
Geographic name Boston (Mass.)
Form subdivision Fiction.
9 (RLIN) 5674529
655 #7 - INDEX TERM--GENRE/FORM
Genre/form data or focus term Suspense fiction.
Source of term gsafd
9 (RLIN) 6220545
655 #7 - INDEX TERM--GENRE/FORM
Genre/form data or focus term Mystery fiction.
Source of term gsafd
9 (RLIN) 6220546
942 ## - ADDED ENTRY ELEMENTS (KOHA)
Koha item type BOOK
998 ## - LOCAL CONTROL INFORMATION (RLIN)
-- a142629
Holdings
Withdrawn status Lost status Source of classification or shelving scheme Damaged status Not for loan Collection code Home library Current library Shelving location Date acquired Source of acquisition Cost, normal purchase price Total Checkouts Total Renewals Full call number Barcode Date last seen Date checked out Cost, replacement price Price effective from Koha item type
    Dewey Decimal Classification     Fiction Wasatch County Library Wasatch County Library First Floor 08/24/2011 Donation 25.99 28 3 F Finder 34301001256082 01/12/2026 12/29/2025 25.99 03/20/2020 BOOK
This project was made possible through a grant from the Institute of Museum and Library Service administered by the Utah State Library Division.

Wasatch County Library

  • 465 East 1200 South, Heber City, Utah 84032
  • Phone 435-654-1511 | Fax 435-654-6456

Hours

  • Monday - Friday 9:30 AM - 8:00 PM
  • Saturday 9:30 AM - 1:30 PM
  • Closed Sundays and Holidays